000 00659 a2200169 4500
999 _c2743
_d2743
020 _a9780198062233
050 0 0 _aHD2741 KUM 2010
100 1 _aKumar, Satheesh T. N.
_eauthor
245 1 0 _aCorporate governance /
_cT.N. Satheesh Kumar.
264 _aIndia:
_bOxford University Press,
_c2010
300 _axiv, 569 p. :
_bill.
500 _aIncludes bibliographical references and index
650 0 _aCorporate governance
856 4 2 _3Publisher description
_uhttp://www.loc.gov/catdir/enhancements/fy1409/2011410696-d.html
856 4 1 _3Table of contents only
_uhttp://www.loc.gov/catdir/enhancements/fy1409/2011410696-t.html
942 _2lcc
_cBK
_h2741
_iKUM
_kHD